| 000 | 01765nam0a2200349 4500 | ||
|---|---|---|---|
| 001 | RU\NLR\BIBL_A\011945875 | ||
| 005 | 20190315165159.0 | ||
| 010 |
_a978-5-699-87785-0 _97000 |
||
| 021 |
_aRU _bКН-П-18-090814 _9КН-П-18-0216 |
||
| 035 | _a(NLR Aleph) 011945875 | ||
| 035 | _a(RuMoRGB)009825582 | ||
| 090 |
_a11118285 _c11118285 |
||
| 100 | _a20190225d2019 u y0rusy50 ca | ||
| 101 | 1 |
_arus _ceng |
|
| 102 | _aRU | ||
| 105 | _ay|||zzzz000zy | ||
| 200 | 1 |
_aКуриный бульон для души _e101 история о любви, которая открывает сердце и исцеляет душу _fДжек Кэнфилд, Марк Виктор Хансен, Эми Ньюмарк _gпредисловие Кристи Ямагучи и Брет Хедикэн _g[пер. с англ. И. В. Новиковой] |
|
| 210 |
_aМосква _cЭксмо _cБомбора _d2019 |
||
| 215 |
_a444, [1] с. _d22 |
||
| 225 | 1 | _aКуриный бульон для души | |
| 300 | _aЗагл. и авт. ориг.: Chicken soup for the soul / Jack Canfield, Mark Victor Hansen, Amy Newmark | ||
| 333 | _a16+ | ||
| 454 | 0 |
_12001#$aChicken soup for the soul _1700#1$bCanfield$gJ.$f1944-$aJack _1701#1$aHansen$bM. V.$f1948-$gMark Victor _1701#1$aNewmark$bA.$gAmy |
|
| 606 | 1 |
_aЛюбовь _xв художественной литературе _2nlr_sh2 _3RU\NLR\AUTH\66679756 |
|
| 686 | 1 | _aШ6(7США)67-440.5я43{Лх1979-80сб} | |
| 700 | 1 |
_aКэнфилд _bД. _f1944- _gДжек _3RU\NLR\AUTH\770169440 |
|
| 701 | 1 |
_aХансен _bМ. В. _f1948- _gМарк Виктор |
|
| 701 | 1 |
_aНьюмарк _bЭ. _gЭми |
|
| 942 | _cBOOK | ||
| 980 | _aNB | ||